| 000 | 00527nam a2200169 a 4500 | ||
|---|---|---|---|
| 001 | 000005180 | ||
| 005 | 20220908124143.0 | ||
| 008 | 090805s1948 ag 000 0 spa d | ||
| 040 |
_aDO-SdBNP _bspa _cBNPHU |
||
| 082 |
_aARD861.42m _bM516c |
||
| 100 |
_aMejía, Francisco R _914832 |
||
| 245 | 1 | 0 |
_aCuadros bucóliticos y otros poemas / _cFrancisco R. Mejía. |
| 260 |
_aBuenos Aires, Argentina : _bPedro Goyena, _c1948. |
||
| 300 |
_a149 p. ; _c20 cm. |
||
| 650 | 4 |
_aPoesía argentina _93859 |
|
| 650 | 4 |
_aLiteratura argentina _93860 |
|
| 999 |
_c4983 _d4983 |
||